000 00433nam a2200181Ia 4500
005 20250603144738.0
008 250603s9999 xx 000 0 und d
020 _a9789351119135
050 _aHV 6773 .S28/
100 _aSatish, Kumar
245 0 _aCrimes in cyberr space scams and frauds
260 _aNew Delhi
260 _bRandom Publications
260 _c2016
300 _a304 p
650 _aNew Delhi
942 _cBK
999 _c39828
_d39828